| 000 | 00439cam a2200181ua 4500 | ||
|---|---|---|---|
| 020 | _c10.00 | ||
| 041 |
_aeng _h |
||
| 082 |
_a536 _bRAJ/TE |
||
| 100 | _aRajam , J B . | ||
| 245 |
_aText book of heat for degree students / _cJ B Rajam. _hTextual Documents |
||
| 250 |
_a3 / _b. |
||
| 260 |
_aNew Delhi : _bS.Chand and Co , _c1962. |
||
| 300 | _a460 ; . | ||
| 365 | _a10.00 | ||
| 504 | _a | ||
| 942 | _cBK | ||
| 999 |
_c7458 _d7458 |
||